Universities - their new role in regional development?

Salvato in:
Dettagli Bibliografici
Autore principale: Hudec, Oto
Natura: Capitolo di libro
Lingua:inglese
Soggetti:
Tags: Aggiungi Tag
Nessun Tag, puoi essere il primo ad aggiungerne!!

MARC

LEADER 00000naa$a2200000$$$4500
001 0028825
005 20231004104202.1
041 0 |a eng 
044 |a CZ 
245 1 0 |a Universities - their new role in regional development?  |c Oto Hudec 
610 2 0 |a univerzity 
610 2 0 |a rozvoj regionálny 
610 2 0 |a vzdelávanie 
610 2 0 |a kapitál ľudský 
610 2 0 |a parky vedeckotechnické 
610 2 0 |a regióny 
610 2 0 |a rozvoj hospodársky 
100 1 |a Hudec, Oto